| 000 | 01223nam a2200301Ia 4500 | ||
|---|---|---|---|
| 001 | H1564 | ||
| 003 | IT-RoPAU | ||
| 008 | 130308s9999 xx 000 0 und d | ||
| 040 | _aIT-RoPAU | ||
| 040 | _cIT-RoPAU | ||
| 041 | _aFRANCESE | ||
| 100 | _aMusarra-Schroeder Ulla | ||
| 100 | _gCodice Aut. SPICS: 56742 | ||
| 245 | _aMondes possibles et encyclopedie: strategies narratives dans les romans d'Umberto Eco | ||
| 245 | _bAu Nom Du sens Autour de L'Oeuvre D'Umberto Eco | ||
| 250 | _a1a ed. | ||
| 260 | _aPARIS | ||
| 260 | _bGrasset Bernard | ||
| 260 | _c2000 [1° Ed.:2000 - Ed.Ling.Originale:2000] | ||
| 300 | _a"18 p. (prefazione: no ; testo: 18 [pagine: 485-502])" | ||
| 500 | _a"Mondi Possibili ed Enciclopedia: strategie Narrative Nei Romanzi di Umberto Eco. Enciclopedia, mondi Possibili e Romanzo Storico. Enciclopedie e mondi ne ""Il Nome della Rosa""; e Complessità Esegetica ne ""Il Pendolo di Foucault"". Enciclopedie barocche ne ""L'Isola del Giorno Prima"". mondi Possibili:Convenzione del narratore Alla Prima Persona e quella del manoscritto Trovato." | ||
| 650 | _aSEMIOLOGIA | ||
| 650 | _eCodice materia Spics: 3251 | ||
| 942 | _cBK | ||
| 957 | _71 | ||
| 999 |
_c40913 _d40913 |
||
| 999 | _bSI | ||
| 999 | _g1 | ||